Les plus grandes villes européennes par lettre - S - Statistiques

Statistiques générales
  • Ce quiz a été pris 200 fois
    152 depuis la dernière actualisation
  • Le résultat moyen est 5 sur 15
Statistiques - réponses
Population Ville % Correct
2.23m Stockholm
81%
5.65m Saint-Pétersbourg
70%
1.29m Seville
68%
542k Strasbourg
65%
1.30m Sofia
51%
2.40m Stuttgart
47%
441k Saint Étienne
36%
1.16m Southampton
30%
1.57m Sheffield
27%
553k Skopje
25%
907k Sarrebruck
21%
1.30m Samara
14%
1.09m Saratov
5%
442k Stoke-on-Trent
3%
528k Stavropol
1%
Aucun quiz correspondant
Distribution des résultats
% des personnes avec chaque résultat
Percentile par nombre de réponses
Votre historique - résultats
Vous n’avez pas pris ce quiz depuis la dernière actualisation